M-pesa: the Innovative Payment System in the Third World Countries
Ššpecifický systé, ktorý sa používa prednostne na odosielanie a prijímanie peňazí a ako spôsob platby. Systém sa nazýva M-Pesa a bol prvýkrát predstavený v Keni v roku 2007 ako nástroj na odosielanie peňazí prostredníctvom textových správ pomocou mobilných telefónov. Dnes s prístupom k internetu sa...
Saved in:
| Main Author: | |
|---|---|
| Other Authors: | |
| Format: | Book Chapter |
| Language: | English |
| Subjects: | |
| Tags: |
No Tags, Be the first to tag this record!
|
MARC
| LEADER | 00000nla a2200000 4500 | ||
|---|---|---|---|
| 001 | 0240022 | ||
| 005 | 20240502073907.4 | ||
| 041 | 0 | |a eng | |
| 044 | |a SK | ||
| 245 | 1 | 0 | |a M-pesa: the Innovative Payment System in the Third World Countries |c Katarína Petrovčíková, Jozef Gajdoš |
| 520 | |a Ššpecifický systé, ktorý sa používa prednostne na odosielanie a prijímanie peňazí a ako spôsob platby. Systém sa nazýva M-Pesa a bol prvýkrát predstavený v Keni v roku 2007 ako nástroj na odosielanie peňazí prostredníctvom textových správ pomocou mobilných telefónov. Dnes s prístupom k internetu sa stala jedinečným a obľúbeným systémom so zvyšujúcim sa počtom používateľov. | ||
| 610 | 2 | 0 | |a krajiny rozvojové |
| 610 | 2 | 0 | |a bankovníctvo mobilné |
| 610 | 2 | 0 | |a systémy platobné |
| 100 | 1 | |a Petrovčiková, Katarína, 1977- | |
| 700 | 1 | |a Gajdoš, Jozef, 1962-2025 | |